000 00620nam a2200217 a 4500
001 BRCA_5736
005 20190320205210.0
008 040311s1943----au-a######---#000-0#ger-#
041 _ager
044 _aau
050 4 _aND653.B65
_bB33 1943
100 1 _aBaldass, Ludwig von
_913881
245 1 0 _aHieronymus Bosch
_cvon Ludwing von Baldass
260 _aViena, Austria
_bAnton Schroll
_c1943c
300 _a260 p.
_bil. (algunas a color), 156 láminas
_c36 cm
500 _aE165
600 1 4 _aBosch, Hieronymus
_ym. 1516
_914554
650 1 4 _aPintores holandeses
_ySiglo XV
_911714
902 _aGFM
942 _2lcc
_cB
999 _c5426
_d5426